00467nam a22001337a 4500082001600000100002700016245007300043260004600116300000800162650002300170942000700193952011600200999001700316 a229 SCH1 V1 aSchneemelcher, Wilhelm aEdgar Hennecke New Testament Apocrypha: Gospels and Related Writings aPhiladelphiabThe Westminster Pressc1959 a531 aApocryphal Gospels cBK 001040708REFaHMIbHMIcREFd2004-11-30eDr. R. Schichkl0o229 SCH1 V1p11-1635r2018-04-16w2026-01-16yBK c20923d20923